Cam design and manufacture /

Bibliographic Details
Main Author: Jacobs, Frederic Burnham, 1880-
Format: Book
Language:English
Published: New York : D. Van Nostrand company, 1921.
Subjects:

MARC

Tag First Indicator Second Indicator Subfields
LEADER 00000cam a2200000 4500
001 in00000045722
005 20151007075229.0
008 760910s1921 nyua 00010 eng
010 |a  21005162  
035 |a (OCoLC)02421569 
035 |9 AAF2863AM 
037 |c $2.00 
040 |a DLC  |c TOL  |d TXA  |d UtOrBLW 
049 |a TXAM  |c [60337] 
050 0 0 |a TJ206  |b .J3 
092 |a 621.83  |b J17c 
100 1 |a Jacobs, Frederic Burnham,  |d 1880- 
245 1 0 |a Cam design and manufacture /  |c by F. B. Jacobs. 87 illustrations. 
264 1 |a New York :  |b D. Van Nostrand company,  |c 1921. 
300 |a vii, 121 pages :  |b illustrations, diagrams ;  |c 24 cm. 
336 |a text  |b txt  |2 rdacontent 
337 |a unmediated  |b n  |2 rdamedia 
338 |a volume  |b nc  |2 rdacarrier 
650 0 |a Cams. 
999 |a MARS 
999 f f |s 59d5b0e8-00cf-3b49-9af0-00a5804bd686  |i 31c11402-96d8-3392-a722-c04e6033ca56  |t 0 
952 f f |p ric  |a Texas A&M University  |b Rellis Campus  |c Joint Library Facility  |d Remote Storage  |t 0  |e TJ206 .J3  |h Library of Congress classification  |i unmediated -- volume  |m A14801042531 
998 f f |a TJ206 .J3  |t 0  |l Remote Storage